Responses for Show #5524 - Thursday, September 18, 2008

2008 Kids Week Reunion game 4.

Contestants

[<< previous game]

Dmitry Spivak, a junior from Northwestern University

Zach Safford, a senior from Williams College

Lisa Makar, a senior from University of Maryland

[next game >>]

Jeopardy! Round responses

KINGS & QUEENS
(Alex: And in honor of the 60th primetime Emmy which airs this weekend, we have...)
60 YEARS OF THE EMMYS
AMERICANA
FRUIT
KIDS IN LIT
ALL GROWN "UP"
    $200 22
Cleopatra

Zach
    $200 6
Seinfeld

Dmitry
    $200 9
(Benjamin) Franklin

Zach
    $200 1
the peach

Zach
    $200 19
Harry Potter

Triple Stumper
    $200 14
uptight

Lisa
    $400 23
Denmark

Triple Stumper
    $400 7
Frasier

Lisa
    $1,000 10
(Zach: What is the Pledge of Allegiance, um--uh, [*]?)
(Alex: Well, you've given me three now.)
(Zach: [*] [reversed])

the National Anthem & "Take Me Out To The Ball Game"

Zach
    $400 2
apple

Zach
    $400 20
Huckleberry Finn

Dmitry
    $400 15
upkeep

Zach
    $600 24
Queen Victoria

Triple Stumper
    $600 8
Bjork

Zach
    $600 11
Atlantic City

Zach
    $600 3
cherries

Lisa
    $600 27
(Alex: [*]. Lemony Snicket.)

A Series of Unfortunate Events

Triple Stumper
    $600 16
upsilon

Dmitry
    $800 25
Juan Carlos

Triple Stumper
    $800 21
The Tudors

Zach
    $800 12
the Treasury

Zach
    $800 4
the grapefruit

Zach
    $800 28
[The end-of-round signal sounds.]
(Alex: You're glad this has ended, aren't you? We're gonna get away from kid stuff in the Double Jeopardy! Round, I assure you, when we come back.)

The Spiderwick Chronicles

Triple Stumper
    $800 17
upstream

Lisa
    $1000 26
(Alex: Who was Alexander the Great's father? [*] of Macedon.)

Philip

Triple Stumper
    $1000 13
Easter

Triple Stumper
    $1000 5
potassium

Dmitry
    $1000 18
Uppsala

Triple Stumper

Scores at the first commercial break (after clue 13):

Lisa Zach Dmitry
$1,000 $4,600 $1,200

Scores at the end of the Jeopardy! Round:

Lisa Zach Dmitry
$2,000 $6,000 $2,200

Double Jeopardy! Round responses

YOU GOT AN F MINUS!
(Alex: Each clue will require two words in the response.)
ANGELINA JOLIE
U.S. RIVERS
WORK ON IT
CLOSE TO YOU
(Alex: Which of the choices is closest to you as you stand in our studio today.)
ACCELERATOR
(Sarah: Science at almost the speed of light from the Stanford Linear Accelerator Center.) (Alex: She now glows in the dark, by the way.)
    $400 1
(Dmitry: What is Leif?)
(Alex: We need two words!)
(Dmitry: Uh, what is Leif Eriksson?)

Leif & lei

Dmitry
Triple Stumper
    $400 11
(Zach: Uh, what is Wanted?)

Kung Fu Panda

Zach
Triple Stumper
    $400 15
the Gila

Zach
    $400 20
cruise

Dmitry
    $400 22
Earth's crust

Lisa
    $400 8
[Applause for Dmitry's performance in the category]

mass

Dmitry
    $800 2
left & let

Lisa
    $800 12
Brad Pitt

Dmitry
    $800 16
Niagara

Zach
    $800 21
coal

Triple Stumper
    $800 7
a quark

Dmitry
    $1200 3
faction & action

Dmitry
    $1200 13
Wanted

Zach
    $1200 17
the Potomac

Zach
    $1200 6
electrons

Dmitry
    $1600 9
scar & scarf

Dmitry
    $1600 14
Nicolas Cage

Zach
    $1600 18
the Colorado

Triple Stumper
    $1600 5
Collider

Triple Stumper
    $2,500 10
brief & Brie

Dmitry
    $2000 19
the Snake

Zach
    $2000 24
(Dmitry: Uh, what is a caterpillar?)
...
[The end-of-round signal sounds.]

a bull

Dmitry
Triple Stumper
    $2000 23
the troposphere

Triple Stumper
    $2,500 4
cathode

Dmitry

Scores at the end of the Double Jeopardy! Round:

Lisa Zach Dmitry
$3,200 $12,800 $11,200

[wagering suggestions for these scores]

Final Jeopardy! Round responses

PLAYS
(Alex: Thanks for a good game, and we'll talk about your spelling and your handwriting on some other occasion. We'll see you next time. So long.)
LisaWho are the Capulets & Montegues
$200
DmitryWho are the Capulets + the Montesques?
$3,000
ZachWho are the Capulets + the Montegues
$9,601
the Capulets & the Montagues

Final scores:

Lisa Zach Dmitry
$3,400 $22,401 $8,200
3rd place: $2,500 Winner: $25,000 2nd place: $5,000

Game dynamics:

Coryat scores:

Lisa Zach Dmitry
$3,200 $12,200 $10,200
6 R,
0 W
17 R
(including 1 DD),
1 W
13 R
(including 2 DDs),
2 W

Combined Coryat: $25,600

[game clues] [game scores] [suggest correction]

Game tape date: 2008-08-12
The J! Archive is created by fans, for fans. Scraping, republication, monetization, and malicious use prohibited; this site may use cookies and collect identifying information. See terms. The Jeopardy! game show and all elements thereof, including but not limited to copyright and trademark thereto, are the property of Jeopardy Productions, Inc. and are protected under law. This website is not affiliated with, sponsored by, or operated by Jeopardy Productions, Inc. Join the discussion at JBoard.tv.